<?xml version="1.0" encoding="UTF-8"?><?xml-stylesheet type="text/xsl" href="static/style.xsl"?><OAI-PMH xmlns="http://www.openarchives.org/OAI/2.0/" xmlns:xsi="http://www.w3.org/2001/XMLSchema-instance" xsi:schemaLocation="http://www.openarchives.org/OAI/2.0/ http://www.openarchives.org/OAI/2.0/OAI-PMH.xsd"><responseDate>2026-04-13T01:23:40Z</responseDate><request verb="GetRecord" identifier="oai:www.recercat.cat:10459.1/65484" metadataPrefix="marc">https://recercat.cat/oai/request</request><GetRecord><record><header><identifier>oai:recercat.cat:10459.1/65484</identifier><datestamp>2024-12-05T23:07:20Z</datestamp><setSpec>com_2072_3622</setSpec><setSpec>col_2072_478537</setSpec></header><metadata><record xmlns="http://www.loc.gov/MARC21/slim" xmlns:dcterms="http://purl.org/dc/terms/" xmlns:xsi="http://www.w3.org/2001/XMLSchema-instance" xmlns:doc="http://www.lyncode.com/xoai" xsi:schemaLocation="http://www.loc.gov/MARC21/slim http://www.loc.gov/standards/marcxml/schema/MARC21slim.xsd">
   <leader>00925njm 22002777a 4500</leader>
   <datafield ind2=" " ind1=" " tag="042">
      <subfield code="a">dc</subfield>
   </datafield>
   <datafield ind2=" " ind1=" " tag="720">
      <subfield code="a">Curto, Rosa</subfield>
      <subfield code="e">author</subfield>
   </datafield>
   <datafield ind2=" " ind1=" " tag="260">
      <subfield code="c">2019-01-10T11:58:04Z</subfield>
   </datafield>
   <datafield ind2=" " ind1=" " tag="260">
      <subfield code="c">2019-01-10T11:58:04Z</subfield>
   </datafield>
   <datafield ind2=" " ind1=" " tag="260">
      <subfield code="c">2018-05</subfield>
   </datafield>
   <datafield ind2=" " ind1=" " tag="520">
      <subfield code="a">La lactància materna (LM) és la millor forma d’alimentació dels nens en les primeres etapes&#xd;
de la seva vida. La llet materna és reconeguda com la nutrició ideal per al primer any de vida&#xd;
dels nadons, amb menjar complementari afegit als sis mesos de néixer. Aquesta pot ser una&#xd;
experiència meravellosa per a la mare i el fill, proporciona una alimentació ideal i una&#xd;
experiència de connexió entre tots dos especial, que les mares apreciaran. L’objectiu del&#xd;
treball és crear un programa d’educació per la salut en la lactància materna per oferir uns&#xd;
millors coneixements tant a les mares participants del programa com als professionals. I&#xd;
l’objectiu d’aquest programa és que en el pròxim any s’augmentarà un 20 % la lactància&#xd;
materna, respecte les dones que donen el pit després dels 6 mesos de vida dels seus fills,&#xd;
sent al 2012 un 46,9 %. Aquest programa es portarà a terme en el Hospital Universitari&#xd;
Arnau de Vilanova i als Centres d’Atenció Primària Onze de Setembre i de Balafia. Segons&#xd;
altres programes ja aplicats existeix evidència de que l’educació sanitària per part&#xd;
d’infermeria és eficaç i eficient.</subfield>
   </datafield>
   <datafield ind2=" " ind1=" " tag="520">
      <subfield code="a">La lactancia materna (LM) es la mejor forma de alimentación de los niños en las primeras&#xd;
etapas de su vida. La leche materna es reconocida como la nutrición ideal para el primer año&#xd;
de vida de los bebés, con comida complementaria añadida a los seis meses de nacer. Esta&#xd;
puede ser una experiencia maravillosa para la madre y el hijo, proporciona una alimentación&#xd;
ideal y una experiencia de conexión entre ambos especial, que las madres apreciarán. El&#xd;
objetivo del trabajo es crear un programa de educación para la salud en la lactancia materna&#xd;
para ofrecer unos mejores conocimientos tanto a las madres participantes del programa&#xd;
como a los profesionales. Y el objetivo de este programa es que en el próximo año se&#xd;
aumentará un 20% la lactancia materna, respecto a las mujeres que dan el pecho después de&#xd;
los 6 meses de vida de sus hijos, siendo el 2012 un 46,9%. Este programa se llevará a cabo en&#xd;
el Hospital Universitari Arnau de Vilanova y en los Centros de Atención Primaria Onze de&#xd;
Setembre y de Balafia. Según otros programas ya aplicados existe evidencia de que la&#xd;
educación sanitaria por parte de enfermería es eficaz y eficiente.</subfield>
   </datafield>
   <datafield ind2=" " ind1=" " tag="520">
      <subfield code="a">Breastfeeding is the best way of feeding kids in the first stages of their life. Breast milk is&#xd;
recognized as the ideal nutrition for the first year of baby’s life, and with complementary&#xd;
food added at 6 months of life. This can be a wonderful experience for the mother and the&#xd;
kid, which provides an ideal feeding and a special connection for both. The purpose of the&#xd;
work is to create a program of health education in breastfeeding to offer better knowledge&#xd;
for the mothers and the health professionals who will participate. And the purpose of the&#xd;
program is that in the next year breastfeeding will improve a 20 % respect the mothers that&#xd;
breastfeed their kids for 6 month, being a 46,9 % in 2012. This program will be done at the&#xd;
Universitary Hospital Arnau de Vilanova and at the Health centers Onze de Setembre and&#xd;
Balafias’s one. According to other programs that have been done, exist evidence that&#xd;
nursing’s health education is effective and efficient.</subfield>
   </datafield>
   <datafield ind1="8" ind2=" " tag="024">
      <subfield code="a">http://hdl.handle.net/10459.1/65484</subfield>
   </datafield>
   <datafield tag="653" ind2=" " ind1=" ">
      <subfield code="a">Lactància materna</subfield>
   </datafield>
   <datafield tag="653" ind2=" " ind1=" ">
      <subfield code="a">Educació per la salut</subfield>
   </datafield>
   <datafield tag="653" ind2=" " ind1=" ">
      <subfield code="a">Infermeria i alletament</subfield>
   </datafield>
   <datafield tag="653" ind2=" " ind1=" ">
      <subfield code="a">Lactancia materna</subfield>
   </datafield>
   <datafield tag="653" ind2=" " ind1=" ">
      <subfield code="a">Educación para la salud</subfield>
   </datafield>
   <datafield tag="653" ind2=" " ind1=" ">
      <subfield code="a">Enfermeria y lactancia</subfield>
   </datafield>
   <datafield tag="653" ind2=" " ind1=" ">
      <subfield code="a">Breastfeed</subfield>
   </datafield>
   <datafield tag="653" ind2=" " ind1=" ">
      <subfield code="a">Helath education</subfield>
   </datafield>
   <datafield tag="653" ind2=" " ind1=" ">
      <subfield code="a">Nursing and breastfeeding</subfield>
   </datafield>
   <datafield tag="653" ind2=" " ind1=" ">
      <subfield code="a">Alletament</subfield>
   </datafield>
   <datafield tag="653" ind2=" " ind1=" ">
      <subfield code="a">Educació sanitària per a dones</subfield>
   </datafield>
   <datafield tag="653" ind2=" " ind1=" ">
      <subfield code="a">Llevadores</subfield>
   </datafield>
   <datafield tag="653" ind2=" " ind1=" ">
      <subfield code="a">Nodrissons -- Alimentació</subfield>
   </datafield>
   <datafield tag="653" ind2=" " ind1=" ">
      <subfield code="a">Llet materna</subfield>
   </datafield>
   <datafield ind2="0" ind1="0" tag="245">
      <subfield code="a">Programa d’educació per la salut en la lactància materna “El millor de tu, en el millor dels  envasos”</subfield>
   </datafield>
</record></metadata></record></GetRecord></OAI-PMH>